Die Of Death Abilities - Statistics

General Stats
  • This quiz has been taken 14 times
    11 since last reset
  • The average score is 22 of 33
Answer Stats
Category Answer % Correct
Civilian Ability Adrenaline
100%
Civilian Ability Banana Peel
100%
Civilian Ability Block
100%
Civilian Ability Bonus Pad
100%
Synergy Carepad
100%
Civilian Ability Caretaker
100%
Civilian Ability Cloak
100%
Civilian Ability Dash
100%
Synergy Loveshot
100%
Civilian Ability Punch
100%
Artful Ability Repurpose
100%
Civilian Ability Revolver
100%
Civilian Ability Taunt
100%
Civilian Ability Hotdog
75%
Pursuer Ability Howl
75%
Badware Ability Bolt
50%
Pursuer Ability Cleave
50%
Artful Ability Copywrite
50%
Killdroid Ability Deploy
50%
Killdroid Ability Detonate
50%
Killdroid Ability Eject
50%
Pursuer Ability Stalk
50%
Pursuer Ability Swing
50%
Badware Ability Swing
50%
Artful Ability Swing
50%
Harken Ability Swing
50%
Harken Ability Agitation
25%
Badware Ability Firewall Bypass
25%
Killdroid Ability Flight
25%
Harken Ability Immolate
25%
Artful Ability Implement
25%
Badware Ability Rift
25%
Harken Ability Tangle
25%
No matching quizzes found
Score Distribution
Percent of People with Each Score
Percentile by Number Answered
Your Score History
You have not taken this quiz since the last reset